Normal view
MARC view
Entry Personal Name
001 - CONTROL NUMBER
- control field: 26463
003 - CONTROL NUMBER IDENTIFIER
- control field: OSt
005 - DATE AND TIME OF LATEST TRANSACTION
- control field: 20230621144344.0
008 - FIXED-LENGTH DATA ELEMENTS
- fixed length control field: 230621|| aca||aabn | a|a d
040 ## - CATALOGING SOURCE
- Original cataloging agency: OSt
- Transcribing agency: OSt
100 ## - HEADING--PERSONAL NAME
- Personal name: ပူႇထီး ဝၸိတ်တထမ်မ၊
- Titles and other words associated with a name: ၸဝ်ႈ။
670 ## - SOURCE DATA FOUND
- Source citation: Work cat.: (OSt): ပူႇထီး ဝၸိတ်တထမ်မ၊ ၸဝ်ႈ။, ဢၼတ်တသုတ်းယွတ်ႈ /, 2010 ။